Amy Mbacké Thiamová: "Možno v Paríži budem zasa prvá ja" dve najväčšie hviezdy dnešného mítingu na Pasienkoch - štvrtkárska majsterka sveta z Edmontonu a bronzová zo Sydney na prekážkach

Bibliographic Details
Format: Article
Language:Slovak
ISSN:0139-7001
Subjects:

MARC

LEADER 00000nab a2200000 a 4500
001 vtls000837349
003 SK-MaSNL
005 20260302163440.0
008 160321c2003 xo 0 slo
015 |a SNBRB2003/06-17705 
035 |a CLN000189004 
040 |a SNKBUCL  |b slo  |c SNKBUCL  |e AACR2 
041 0 |a slo 
044 |a xo  |c SK 
080 |a 796.422.071  |2 UDC-MRF-SK2 
245 0 0 |a Amy Mbacké Thiamová: "Možno v Paríži budem zasa prvá ja"  |b dve najväčšie hviezdy dnešného mítingu na Pasienkoch - štvrtkárska majsterka sveta z Edmontonu a bronzová zo Sydney na prekážkach 
600 1 7 |a Thiam, Amy Mbacké  |d 1976-  |2 snkbucl  |9 864788 
650 0 7 |a atletika ľahká  |x beh  |2 snkbucl  |9 839114 
655 7 |a články z novín a časopisov  |2 snkbucl  |9 267496 
773 0 |x 0139-7001  |t Šport  |g Roč. 57, č. 132 (10.6.2003), s. 12 
850 |a Slovenská národná knižnica v Martine 
852 |a SNK  |b KIS3GCP 
958 |a BC 
958 |a RBX 
999 |c 1383413  |d 1385343